[Event "4NCL 3 South pool D"]
[Site "Telford, ENG"]
[Date "2016.04.30"]
[Round "9.95"]
[White "Hewitt, William"]
[Black "Redman, David J"]
[Result "1/2-1/2"]
[WhiteElo "2036"]
[BlackElo "2200"]
[PlyCount "37"]
[EventDate "2016.04.30"]

1. e4 Nf6 2. e5 Nd5 3. d4 d6 4. Nf3 Nb6 5. a4 a5 6. Nc3 g6 7. Bf4 Bg7 8. exd6
cxd6 9. Bb5+ Bd7 10. Qe2 O-O 11. O-O Nc6 12. Rad1 Bg4 13. Be3 f5 14. h3 Bh5 15.
Bg5 Nxd4 16. Rxd4 Bxf3 17. Qe6+ Rf7 18. Rd3 Bc6 19. Re1 1/2-1/2

[Event "4NCL 3 South pool D"]
[Site "Telford, ENG"]
[Date "2016.04.30"]
[Round "9.96"]
[White "Byway, Paul V"]
[Black "Trevelyan, John"]
[Result "1/2-1/2"]
[WhiteElo "2071"]
[BlackElo "2056"]
[PlyCount "119"]
[EventDate "2016.04.30"]

1. Nf3 Nc6 2. d4 d6 3. e3 e5 4. dxe5 Nxe5 5. Nxe5 dxe5 6. Qxd8+ Kxd8 7. Bc4 f6
8. Nc3 c6 9. Bd2 Ne7 10. e4 Kc7 11. O-O-O Bd7 12. g3 Nc8 13. f4 Nb6 14. Be2 Bc5
15. fxe5 fxe5 16. Rdf1 Be6 17. b3 Rad8 18. Bg5 Rd7 19. Nb1 h6 20. Bd2 Bh3 21.
Rd1 Bg2 22. Bg4 Bxh1 23. Bxd7 Bxe4 24. Bg4 Bg6 25. Re1 Re8 26. Bc3 Bd6 27. Nd2
Nd5 28. Bb2 Nb4 29. Nc4 Nxa2+ 30. Kb1 Nb4 31. Nxd6 Kxd6 32. Ba3 c5 33. Rd1+ Nd5
34. Kb2 Kc6 35. Bd7+ Kxd7 36. Rxd5+ Ke6 37. Rxc5 Be4 38. Rc7 g6 39. Bc5 a6 40.
c4 Rd8 41. Be3 h5 42. Bg5 Rd3 43. Re7+ Kf5 44. Bh6 Kf6 45. Rc7 Bc6 46. b4 Rf3
47. b5 axb5 48. cxb5 Bd5 49. Rc3 Kf5 50. Rxf3+ Bxf3 51. Kc3 Kg4 52. Kd2 Kh3 53.
Bg7 Kxh2 54. Bxe5 Kg2 55. Ke3 g5 56. Bf6 Kxg3 57. Bxg5 Bd1 58. Bf4+ Kg2 59. Bg5
Ba4 60. b6 1/2-1/2

[Event "4NCL 3 South pool D"]
[Site "Telford, ENG"]
[Date "2016.04.30"]
[Round "9.97"]
[White "Heaven, Peter"]
[Black "Davison, Chris"]
[Result "1/2-1/2"]
[WhiteElo "2025"]
[BlackElo "1976"]
[PlyCount "51"]
[EventDate "2016.04.30"]

1. e4 c5 2. Nf3 d6 3. d4 cxd4 4. Nxd4 Nf6 5. Nc3 a6 6. f4 e6 7. Be3 b5 8. Bd3
Bb7 9. O-O Nbd7 10. Qe2 b4 11. Na4 Qa5 12. b3 Nxe4 13. f5 e5 14. Nf3 Be7 15.
Bxe4 Bxe4 16. Bg5 Bxf3 17. Qxf3 Rc8 18. Bxe7 Kxe7 19. Rad1 Qc7 20. Qd3 Nc5 21.
Nxc5 Qxc5+ 22. Kh1 f6 23. Qxa6 Rc6 24. Qb7+ Rc7 25. Qe4 Rb8 26. Rd2 1/2-1/2

[Event "4NCL 3 South pool D"]
[Site "Telford, ENG"]
[Date "2016.04.30"]
[Round "9.98"]
[White "McMahon, Paul"]
[Black "Ralphs, Nigel"]
[Result "0-1"]
[WhiteElo "2006"]
[BlackElo "2001"]
[PlyCount "79"]
[EventDate "2016.04.30"]

1. Nc3 Nf6 2. Nf3 d5 3. d4 Bf5 4. Bf4 c6 5. e3 e6 6. a3 Bd6 7. Ne5 Qc7 8. Bd3
Bxd3 9. Qxd3 Nbd7 10. Nxd7 Qxd7 11. O-O Bxf4 12. exf4 O-O 13. Rfe1 Qd6 14. Re5
g6 15. Qf3 b5 16. g4 a5 17. Rae1 b4 18. Ne2 bxa3 19. bxa3 Ne4 20. f5 exf5 21.
gxf5 f6 22. Re6 Ng5 23. Qe3 Nxe6 24. fxe6 Rfe8 25. Nf4 Re7 26. h4 Rae8 27. Kh1
Kg7 28. Qf3 Rxe6 29. Nxe6+ Rxe6 30. Rg1 Re4 31. Rg4 Qe6 32. Rxe4 Qxe4 33. Qxe4
dxe4 34. c4 Kf7 35. Kg2 Ke6 36. Kg3 Kf5 37. f3 exf3 38. Kxf3 h5 39. c5 Ke6 40.
Ke4 0-1

[Event "4NCL 3 South pool D"]
[Site "Telford, ENG"]
[Date "2016.04.30"]
[Round "9.99"]
[White "Van Kemenade, Rudy"]
[Black "Judkins, Brian D"]
[Result "1-0"]
[WhiteElo "1957"]
[BlackElo "1843"]
[PlyCount "59"]
[EventDate "2016.04.30"]

1. d4 Nf6 2. c4 g6 3. Nc3 Bg7 4. e4 d6 5. Nf3 O-O 6. h3 e5 7. d5 Na6 8. Bg5 h6
9. Be3 Nc5 10. Nd2 a5 11. g4 Bd7 12. Rg1 c6 13. f3 cxd5 14. cxd5 Rc8 15. Nc4
Ne8 16. Na3 f5 17. gxf5 gxf5 18. Qd2 f4 19. Bf2 Qe7 20. Ncb5 b6 21. Na7 Rc7 22.
Nc6 Qf7 23. Bxc5 bxc5 24. Qxa5 Bc8 25. Nb5 Rd7 26. O-O-O Nc7 27. Na3 Kh7 28.
Nc4 Ne8 29. Nd8 Qe7 30. Ne6 1-0

[Event "4NCL 3 South pool D"]
[Site "Telford, ENG"]
[Date "2016.04.30"]
[Round "9.99"]
[White "Mountford, Corinne"]
[Black "Taylor, Robert Graham"]
[Result "1/2-1/2"]
[WhiteElo "1727"]
[BlackElo "1920"]
[PlyCount "95"]
[EventDate "2016.04.30"]

1. d4 Nf6 2. Nf3 b6 3. Bf4 Bb7 4. e3 e6 5. h3 Be7 6. Bd3 c5 7. c3 d6 8. Nbd2
O-O 9. Bc2 Nc6 10. O-O Qd7 11. Bh2 Rad8 12. Ba4 a6 13. c4 Qc8 14. Qe2 d5 15.
cxd5 exd5 16. Rac1 b5 17. Bc2 c4 18. Ne5 Nxe5 19. Bxe5 Ne4 20. Nf3 Bf6 21. Bxf6
Nxf6 22. Ne5 Ne4 23. Qe1 Qe6 24. f3 Nd6 25. Qf2 f6 26. Ng4 Rd7 27. Rce1 Nf7 28.
Qh4 f5 29. f4 Nd6 30. Ne5 Qe7 31. Qg3 Rc7 32. Qf2 a5 33. g4 c3 34. b3 b4 35.
Kh2 Bc8 36. Rg1 Ne4 37. Bxe4 fxe4 38. Qc2 Qh4 39. Rg3 g5 40. f5 Qh6 41. Rf1 Ba6
42. Rc1 Bb5 43. Rg2 Ra8 44. Rf2 Qf6 45. h4 Rg7 46. h5 Ra6 47. Kg3 Kf8 48. Ra1
1/2-1/2

[Event "4NCL 3 South pool D"]
[Site "Telford, ENG"]
[Date "2016.04.30"]
[Round "9.99"]
[White "Byron, Alan M"]
[Black "Freeman, Richard C P"]
[Result "1-0"]
[WhiteElo "2124"]
[BlackElo "2033"]
[PlyCount "45"]
[EventDate "2016.04.30"]

1. e4 c5 2. Nf3 g6 3. d4 cxd4 4. Qxd4 Nf6 5. Nc3 Nc6 6. Qa4 Bg7 7. e5 Ng8 8.
Bf4 f6 9. exf6 Nxf6 10. Bc4 d5 11. O-O-O e6 12. Nxd5 exd5 13. Rhe1+ Kf8 14.
Qa3+ Kg8 15. Ng5 Bf5 16. Rxd5 Nxd5 17. Re8+ Qxe8 18. Bxd5+ Be6 19. Bxe6+ Qxe6
20. Nxe6 Re8 21. Qb3 Re7 22. Ng5+ Kf8 23. Bd6 1-0

[Event "4NCL 3 South pool D"]
[Site "Telford, ENG"]
[Date "2016.04.30"]
[Round "9.99"]
[White "Smith, Graham"]
[Black "Piper, Stephen J"]
[Result "1/2-1/2"]
[WhiteElo "2015"]
[BlackElo "2063"]
[PlyCount "107"]
[EventDate "2016.04.30"]

1. e4 g6 2. d4 Bg7 3. c4 d6 4. Nc3 Nf6 5. f4 O-O 6. Nf3 Nfd7 7. Be2 e5 8. fxe5
dxe5 9. d5 h6 10. Be3 Nf6 11. Nd2 Ng4 12. Bxg4 Qh4+ 13. Bf2 Qxg4 14. Qxg4 Bxg4
15. h3 Bd7 16. g4 f5 17. gxf5 gxf5 18. exf5 Rxf5 19. Nce4 Na6 20. a3 Raf8 21.
Ke2 Rh5 22. h4 Bg4+ 23. Ke3 Rhf5 24. Raf1 Bf3 25. Nxf3 Rxf3+ 26. Ke2 R3f4 27.
Nd2 b6 28. Be3 Rg4 29. Rxf8+ Kxf8 30. h5 e4 31. Rf1+ Ke7 32. b4 Rh4 33. Rf4
Rxh5 34. Rxe4+ Kf7 35. b5 Nc5 36. Bxc5 bxc5 37. Nb3 Rh2+ 38. Kd3 Ra2 39. Nxc5
Rxa3+ 40. Ke2 Bf8 41. Ne6 Bd6 42. Rh4 Kg6 43. Rg4+ Kf5 44. Rh4 Ra2+ 45. Kf3 Rh2
46. Nd4+ Kf6 47. Rxh2 Bxh2 48. Nc6 Bg1 49. Kg4 Be3 50. Kh5 Kf5 51. Nd8 Ke5 52.
Ne6 Kd6 53. Kg6 Bd2 54. Kh5 1/2-1/2

[Event "4NCL 3 South pool D"]
[Site "Telford, ENG"]
[Date "2016.04.30"]
[Round "9.99"]
[White "Compton, Alistair"]
[Black "Kendall, Paul S N"]
[Result "1/2-1/2"]
[WhiteElo "2085"]
[BlackElo "1958"]
[PlyCount "99"]
[EventDate "2016.04.30"]

1. e4 c5 2. f4 Nc6 3. Nf3 g6 4. Bb5 Bg7 5. Bxc6 bxc6 6. d3 d5 7. Nc3 Nh6 8. O-O
O-O 9. Qe1 Ba6 10. Qh4 dxe4 11. Nxe4 Nf5 12. Qf2 c4 13. Nc5 Qb6 14. Nxa6 Qxa6
15. d4 Qb6 16. c3 Rfd8 17. g4 Nd6 18. Re1 e6 19. Qh4 c5 20. dxc5 Qxc5+ 21. Be3
Qc6 22. Nd4 Qe4 23. Rad1 Nb7 24. Qg3 Nc5 25. Bf2 Qb7 26. Re2 Rab8 27. Be3 Nd3
28. Rf1 Qe4 29. f5 exf5 30. gxf5 Be5 31. Qh3 Rxb2 32. Rxb2 Nxb2 33. f6 h5 34.
Qf3 Qxf3 35. Rxf3 Rd6 36. Bg5 Bxd4+ 37. cxd4 Rxd4 38. Kf1 Rd5 39. h4 Nd1 40.
Ke1 c3 41. Rf4 Nb2 42. Re4 Nd3+ 43. Ke2 Ne5 44. Rb4 Rc5 45. Rb8+ Kh7 46. Re8 c2
47. Re7 a5 48. a4 Kg8 49. Re8+ Kh7 50. Re7 1/2-1/2

[Event "4NCL 3 South pool D"]
[Site "Telford, ENG"]
[Date "2016.04.30"]
[Round "9.99"]
[White "Valentine, Brian J"]
[Black "Gibson, Christopher A"]
[Result "1-0"]
[WhiteElo "1965"]
[BlackElo "1959"]
[PlyCount "85"]
[EventDate "2016.04.30"]

1. e4 e5 2. Nf3 Nc6 3. Bb5 f5 4. d3 fxe4 5. dxe4 Nf6 6. O-O Bc5 7. Qd3 d6 8.
Nc3 O-O 9. Na4 Bb6 10. Nxb6 axb6 11. a3 Kh8 12. Bg5 Qe8 13. Bc4 Qh5 14. h3 Bxh3
15. gxh3 Nd4 16. Nxd4 Qxg5+ 17. Kh1 exd4 18. Qxd4 Qh4 19. Qe3 Nxe4 20. Bd5
Nxf2+ 21. Kg2 Nxh3 22. Bxb7 Ng5 23. Bxa8 Rxa8 24. Rf4 Qh5 25. Raf1 h6 26. Qb3
Kh7 27. Qd3+ Qg6 28. Qxg6+ Kxg6 29. Re1 Ra5 30. Rc4 Rd5 31. Rxc7 Kf5 32. Rf1+
Kg4 33. Rxg7 h5 34. Rc7 h4 35. Rc4+ Kh5 36. Rf2 Rd1 37. c3 Re1 38. Rd4 Re3 39.
Rxd6 Ne4 40. Rd5+ Kg6 41. Rf4 h3+ 42. Kh2 Nc5 43. Rb4 1-0

[Event "4NCL 3 South pool D"]
[Site "Telford, ENG"]
[Date "2016.04.30"]
[Round "9.99"]
[White "Jaszkiwskyj, Peter"]
[Black "Majer, Chris E"]
[Result "1-0"]
[WhiteElo "1991"]
[BlackElo "1931"]
[PlyCount "87"]
[EventDate "2016.04.30"]

1. d4 Nf6 2. c4 c5 3. d5 b5 4. cxb5 a6 5. bxa6 g6 6. Nc3 Bxa6 7. Nf3 d6 8. e4
Bxf1 9. Kxf1 Nbd7 10. g3 Bg7 11. Kg2 Ng4 12. Bf4 Nge5 13. Nxe5 Nxe5 14. Bxe5
Bxe5 15. Re1 Qa5 16. Qd2 O-O 17. Re2 Rfb8 18. Rc1 Rb7 19. b3 Bxc3 20. Rxc3 Rba7
21. Qe3 Qc7 22. Rcc2 Ra3 23. Qh6 Qb8 24. h4 Qf8 25. Qg5 h6 26. Qf4 Qg7 27. Qd2
Rb8 28. Qc1 Ra7 29. Rc4 Kh7 30. Qb1 Qf8 31. Qd3 Qd8 32. e5 Qa5 33. h5 Rb4 34.
e6 f5 35. hxg6+ Kxg6 36. g4 Kg7 37. Qxf5 Rxc4 38. bxc4 Qc3 39. Qf7+ Kh8 40. Qf4
Kh7 41. Re3 Qg7 42. Rf3 Rxa2 43. Qe4+ Kg8 44. Rf7 1-0

[Event "4NCL 3 South pool D"]
[Site "Telford, ENG"]
[Date "2016.04.30"]
[Round "9.99"]
[White "Obi, Marc ON"]
[Black "Ressel, Eva"]
[Result "1-0"]
[WhiteElo "1900"]
[BlackElo "1603"]
[PlyCount "61"]
[EventDate "2016.04.30"]

1. c4 e5 2. g3 f5 3. Bg2 Nc6 4. e4 f4 5. d3 Bc5 6. gxf4 Qh4 7. Nh3 Nf6 8. O-O
h6 9. f5 g5 10. Be3 Nd4 11. f3 g4 12. Bf2 Nxf3+ 13. Bxf3 Bxf2+ 14. Nxf2 g3 15.
h3 gxf2+ 16. Rxf2 Qxh3 17. Nc3 Rg8+ 18. Rg2 Rxg2+ 19. Bxg2 Qe3+ 20. Kh1 c6 21.
Qf3 Qxf3 22. Bxf3 d5 23. cxd5 cxd5 24. Nb5 Ke7 25. Nc7 Rb8 26. Rg1 Bd7 27.
Nxd5+ Nxd5 28. Rg7+ Kd8 29. exd5 Bxf5 30. Rg8+ Kc7 31. d6+ 1-0

[Event "4NCL 3 South pool D"]
[Site "Telford, ENG"]
[Date "2016.04.30"]
[Round "9.99"]
[White "Hall, John"]
[Black "Jones, Steven A"]
[Result "1/2-1/2"]
[WhiteElo "2183"]
[BlackElo "2211"]
[PlyCount "36"]
[EventDate "2016.04.30"]

1. e4 e5 2. Nf3 Nc6 3. Bb5 a6 4. Ba4 Nf6 5. O-O Be7 6. Re1 b5 7. Bb3 d6 8. c3
O-O 9. h3 Na5 10. Bc2 d5 11. d4 dxe4 12. Nxe5 c5 13. Nd2 cxd4 14. Nxe4 dxc3 15.
Qf3 Bb7 16. b4 Nxe4 17. Bxe4 Bxe4 18. Qxe4 f5 1/2-1/2

[Event "4NCL 3 South pool D"]
[Site "Telford, ENG"]
[Date "2016.04.30"]
[Round "9.99"]
[White "Singleton, Michael P F"]
[Black "McGann, Gary"]
[Result "1/2-1/2"]
[WhiteElo "2122"]
[BlackElo "2093"]
[PlyCount "26"]
[EventDate "2016.04.30"]

1. d4 e6 2. c4 b6 3. Nc3 Bb7 4. Nf3 Nf6 5. Bg5 Bb4 6. e3 h6 7. Bxf6 Bxc3+ 8.
bxc3 Qxf6 9. Bd3 O-O 10. e4 d6 11. O-O Nd7 12. Re1 e5 13. Bc2 Rfd8 1/2-1/2

[Event "4NCL 3 South pool D"]
[Site "Telford, ENG"]
[Date "2016.04.30"]
[Round "9.99"]
[White "Wojciechowski, Paul"]
[Black "Shepherd, Paul D"]
[Result "0-1"]
[WhiteElo "2000"]
[BlackElo "2080"]
[PlyCount "70"]
[EventDate "2016.04.30"]

1. e4 c5 2. Nf3 e6 3. d4 cxd4 4. Nxd4 Nc6 5. Nc3 Qc7 6. Be3 a6 7. Qd2 Nf6 8. f3
Bb4 9. a3 Be7 10. g4 O-O 11. O-O-O b5 12. g5 Ne8 13. Nxc6 Qxc6 14. h4 b4 15.
axb4 Bxb4 16. Bd4 a5 17. Qg2 d6 18. f4 Bb7 19. Bb5 Qc7 20. h5 e5 21. fxe5 dxe5
22. Bf2 Nd6 23. Nd5 Bxd5 24. Rxd5 Nxb5 25. Rxb5 Rac8 26. Be1 Rfd8 27. Rd5 Qc4
28. Kb1 Rb8 29. Qf3 Rxd5 30. exd5 Bxe1 31. Rf1 Qb4 32. Qxf7+ Kh8 33. b3 Bc3 34.
h6 e4 35. g6 Qa3 0-1

[Event "4NCL 3 South pool D"]
[Site "Telford, ENG"]
[Date "2016.04.30"]
[Round "9.99"]
[White "Crombleholme, Alan K"]
[Black "Mossong, Hubert"]
[Result "1/2-1/2"]
[WhiteElo "2052"]
[BlackElo "2037"]
[PlyCount "88"]
[EventDate "2016.04.30"]

1. c4 d6 2. Nc3 e5 3. Nf3 Nf6 4. g3 Nc6 5. Bg2 Be6 6. b3 h6 7. O-O d5 8. cxd5
Nxd5 9. Bb2 Be7 10. Rc1 Nxc3 11. Bxc3 Bf6 12. Qc2 O-O 13. b4 a6 14. a4 Qd6 15.
d3 Bd5 16. e4 Be6 17. Rfd1 Rfd8 18. b5 axb5 19. axb5 Ra2 20. Qb1 Nd4 21. Nxd4
exd4 22. Bd2 c5 23. f4 Qb6 24. f5 Rxd2 25. Rxd2 Bg5 26. fxe6 Bxd2 27. exf7+ Kh8
28. Rf1 Rf8 29. Qb3 Qd6 30. Bh3 Bg5 31. Be6 b6 32. Bd5 Bf6 33. Qd1 Qd7 34. Qh5
Qe7 35. Qg6 Qd6 36. Rf5 Be7 37. Qh5 Kh7 38. Rf1 g6 39. Qf3 Kg7 40. Qg4 Bf6 41.
Bc4 Be5 42. Ra1 h5 43. Qe2 Qf6 44. Kg2 Qg5 1/2-1/2

[Event "4NCL 3 South pool D"]
[Site "Telford, ENG"]
[Date "2016.04.30"]
[Round "9.99"]
[White "Birkin, Mark H"]
[Black "Alcock, Graham P"]
[Result "1-0"]
[WhiteElo "2027"]
[BlackElo "1772"]
[PlyCount "43"]
[EventDate "2016.04.30"]

1. e4 e5 2. Nc3 Nc6 3. g3 Nf6 4. Bg2 Bc5 5. Nge2 O-O 6. O-O a6 7. h3 d6 8. Kh2
Nd4 9. f4 exf4 10. Nxf4 Ne6 11. Nxe6 Bxe6 12. d4 Bb4 13. Bg5 h6 14. Bxf6 gxf6
15. Qh5 Kg7 16. Rf4 c6 17. Raf1 Qa5 18. d5 Bxc3 19. bxc3 Rh8 20. Qh4 cxd5 21.
Qxf6+ Kh7 22. exd5 1-0

[Event "4NCL 3 South pool D"]
[Site "Telford, ENG"]
[Date "2016.04.30"]
[Round "9.99"]
[White "Durrant, Paul Eo"]
[Black "Deighton, Simon"]
[Result "0-1"]
[WhiteElo "1564"]
[BlackElo "1997"]
[PlyCount "108"]
[EventDate "2016.04.30"]

1. e4 c5 2. d4 cxd4 3. c3 e5 4. Bc4 Nc6 5. Nf3 Qc7 6. O-O Nf6 7. Ng5 Nd8 8. Qb3
Ne6 9. Nxe6 dxe6 10. Bd3 Be7 11. cxd4 exd4 12. Qa4+ Bd7 13. Qxd4 e5 14. Qc3 Rc8
15. Qxc7 Rxc7 16. Be3 b6 17. Nc3 O-O 18. h3 Be6 19. Rac1 Rd8 20. Rfd1 Rcd7 21.
Bb1 Rxd1+ 22. Rxd1 Rxd1+ 23. Nxd1 Nd7 24. Nc3 Bc5 25. Bxc5 Nxc5 26. b4 Nb7 27.
Bd3 Nd6 28. f3 Kf8 29. Kf2 Ke7 30. a4 a5 31. bxa5 bxa5 32. Ke2 Nc4 33. h4 Kd6
34. g3 Kc5 35. Bxc4 Bxc4+ 36. Kd2 Kb4 37. f4 f6 38. fxe5 fxe5 39. g4 Bb3 40. g5
Bxa4 41. Nd5+ Kc5 42. Kc3 Bc6 43. Ne3 Bxe4 44. Nc4 Bd5 45. Nxe5 Kd6 46. Nd3 Be6
47. Nf4 Bf7 48. h5 Be6 49. h6 gxh6 50. g6 hxg6 51. Nxg6 h5 52. Kb2 Bf5 53. Nh4
Be4 54. Ka3 Ke5 0-1

[Event "4NCL 3 South pool D"]
[Site "Telford, ENG"]
[Date "2016.04.30"]
[Round "9.99"]
[White "Sarantos, Vasileios"]
[Black "Vlcek, Marek"]
[Result "1/2-1/2"]
[WhiteElo "2240"]
[BlackElo "2000"]
[PlyCount "92"]
[EventDate "2016.04.30"]

1. d4 Nf6 2. c4 e6 3. g3 c5 4. Nf3 d5 5. cxd5 Nxd5 6. e4 Nf6 7. Nc3 cxd4 8.
Qxd4 Qxd4 9. Nxd4 Bb4 10. f3 O-O 11. Be3 a6 12. Rc1 e5 13. Nb3 Be6 14. Nc5 Bxa2
15. Kf2 Be6 16. N3a4 Nbd7 17. Nxe6 fxe6 18. Bh3 Nxe4+ 19. Ke2 Nef6 20. Bxe6+
Kh8 21. Rc7 b5 22. Bxd7 Nxd7 23. Rxd7 bxa4 24. Ra1 Rfd8 25. Rxd8+ Rxd8 26. Rxa4
a5 27. Ra1 h6 28. Rc1 Ra8 29. Kd3 a4 30. Ke4 a3 31. bxa3 Rxa3 32. Rc7 Bd6 33.
Rd7 Bb4 34. Rb7 Bd6 35. g4 Kh7 36. h4 Ra6 37. Ra7 Rxa7 38. Bxa7 Kg6 39. Kd5 Bc7
40. Ke6 h5 41. Be3 e4 42. gxh5+ Kxh5 43. fxe4 Kxh4 44. Kf5 Kg3 45. Bd4 g6+ 46.
Kxg6 Kf4 1/2-1/2

[Event "4NCL 3 South pool D"]
[Site "Telford, ENG"]
[Date "2016.04.30"]
[Round "9.126"]
[White "Vachtfeidl, Petr"]
[Black "Brackmann, Hendrik"]
[Result "0-1"]
[WhiteElo "1958"]
[BlackElo "2044"]
[PlyCount "82"]
[EventDate "2016.04.30"]
[WhiteTeam "CSC Rhinos [2]"]
[BlackTeam "Oxford 2"]

1. e4 c5 2. Nf3 Nc6 3. d4 cxd4 4. Nxd4 e5 5. Nb5 d6 6. N1c3 a6 7. Na3 Be7 8.
Nc4 b5 9. Ne3 Nf6 10. Ned5 O-O 11. a4 b4 12. Nxf6+ Bxf6 13. Nd5 Bb7 14. Bc4 Bg5
15. Bxg5 Qxg5 16. O-O Nd4 17. Qd3 Rac8 18. Ne3 a5 19. c3 bxc3 20. bxc3 Nf3+ 21.
Kh1 Nh4 22. Rab1 Ba8 23. Rb6 Ng6 24. g3 Kh8 25. Bd5 Qd8 26. Rfb1 Rc5 27. Bxa8
Qxa8 28. f3 Qc8 29. c4 Rc6 30. Qd5 Ne7 31. Qxa5 f5 32. Qa7 Rxb6 33. Rxb6 f4 34.
Qxe7 fxe3 35. Rb7 Rg8 36. Kg2 Qxc4 37. Kh3 Qf1+ 38. Kg4 e2 39. Rd7 e1=Q 40. Rd8
h5+ 41. Kxh5 Qxf3+ 0-1

[Event "4NCL 3 South pool D"]
[Site "Telford, ENG"]
[Date "2016.04.30"]
[Round "9.99"]
[White "Truran, Michael C"]
[Black "Homolka, Vincent"]
[Result "1-0"]
[WhiteElo "2117"]
[BlackElo "1818"]
[PlyCount "51"]
[EventDate "2016.04.30"]

1. d4 d5 2. c4 e6 3. Nc3 c5 4. cxd5 exd5 5. Nf3 Nc6 6. g3 Nf6 7. Bg2 Be7 8. O-O
O-O 9. dxc5 Bxc5 10. Bg5 d4 11. Bxf6 Qxf6 12. Nd5 Qd6 13. Nd2 Be6 14. Nf4 Bf5
15. Ne4 Bxe4 16. Bxe4 Bb6 17. Nd5 Ne7 18. Nxb6 Qxb6 19. Qd3 h6 20. Rfd1 Rfd8
21. Rac1 Nc6 22. Qf3 Rac8 23. Qf5 g6 24. Qf6 Rd7 25. Bxg6 fxg6 26. Qe6+ 1-0

[Event "4NCL 3 South pool D"]
[Site "Telford, ENG"]
[Date "2016.04.30"]
[Round "9.99"]
[White "Fowler, David"]
[Black "Dickinson, Tim R"]
[Result "1/2-1/2"]
[WhiteElo "1888"]
[BlackElo "2094"]
[PlyCount "95"]
[EventDate "2016.04.30"]

1. d4 e6 2. c4 Nf6 3. Nc3 Bb4 4. e3 O-O 5. Nge2 c5 6. a3 Bxc3+ 7. Nxc3 cxd4 8.
exd4 d5 9. c5 Ne4 10. Nxe4 dxe4 11. Bc4 Nc6 12. Be3 Ne7 13. b4 Bd7 14. O-O Nd5
15. b5 f5 16. Qb3 Be8 17. g3 Bh5 18. Bxd5 exd5 19. Bf4 Be2 20. Rfc1 Qd7 21. c6
bxc6 22. bxc6 Qe6 23. c7 Bc4 24. Rxc4 dxc4 25. Qb7 Rac8 26. Rc1 h6 27. d5 Qd7
28. d6 g5 29. Be5 Kf7 30. Qd5+ Qe6 31. Qc5 Rfe8 32. Rxc4 Qxe5 33. Qxe5 Rxe5 34.
d7 Ree8 35. g4 fxg4 36. Rxe4 Red8 37. dxc8=Q Rxc8 38. Rc4 Ke6 39. Kg2 Kd5 40.
Rc1 h5 41. f3 gxf3+ 42. Kxf3 a5 43. a4 Rf8+ 44. Ke3 Re8+ 45. Kd3 Rc8 46. Rc2 g4
47. Ke3 h4 48. Kf4 1/2-1/2

[Event "4NCL 3 South pool D"]
[Site "Telford, ENG"]
[Date "2016.04.30"]
[Round "9.99"]
[White "Rowan, Daniel"]
[Black "Cooke, Charlie"]
[Result "1/2-1/2"]
[WhiteElo "1877"]
[BlackElo "1832"]
[PlyCount "52"]
[EventDate "2016.04.30"]

1. d4 d5 2. c4 e6 3. Nf3 Nf6 4. g3 Be7 5. Bg2 c6 6. O-O O-O 7. Qc2 Nbd7 8. Nbd2
Re8 9. e4 Nxe4 10. Nxe4 dxe4 11. Qxe4 Nf6 12. Qc2 Qc7 13. c5 Nd5 14. Ne5 Bf6
15. Bxd5 exd5 16. Bf4 Bxe5 17. Bxe5 Qd7 18. Rfe1 b5 19. Qd2 f6 20. Bd6 Bb7 21.
Rxe8+ Rxe8 22. Re1 Kf7 23. Rxe8 Qxe8 24. Qa5 Kg6 25. Qd2 Bc8 26. Qe3 Qe6
1/2-1/2

[Event "4NCL 3 South pool D"]
[Site "Telford, ENG"]
[Date "2016.04.30"]
[Round "9.99"]
[White "Towers, Nigel S"]
[Black "Miranda Gonzalez, Nicole"]
[Result "0-1"]
[WhiteElo "1789"]
[BlackElo "1934"]
[PlyCount "70"]
[EventDate "2016.04.30"]

1. e4 c5 2. Nf3 Nc6 3. d4 cxd4 4. Nxd4 Nf6 5. Nc3 e5 6. Nf5 d5 7. exd5 Bxf5 8.
dxc6 bxc6 9. Qf3 Qd7 10. Bc4 Bb4 11. O-O Bxc3 12. Qxc3 O-O 13. Be3 Nd5 14. Bxd5
cxd5 15. Qxe5 Rfe8 16. Qd4 Re4 17. Qd2 d4 18. Bf4 Rae8 19. Rad1 Re2 20. Qxd4
Qxd4 21. Rxd4 Rxc2 22. Rb4 h6 23. Be3 Be6 24. a4 a5 25. Rb7 Bd5 26. Rb6 Rxe3
27. Rb5 Rd3 28. Rxa5 Rdd2 29. Re1 Be6 30. b4 Rxf2 31. Rxe6 fxe6 32. Re5 Rxg2+
33. Kf1 Rxh2 34. Kg1 Rhd2 35. Re1 Ra2 0-1